| 000 | 00835cab a22002415a 4500 | ||
|---|---|---|---|
| 001 | L151501 | ||
| 008 | 101110s2010 xxk f 000 0 eng d | ||
| 035 | _a(Sirsi) u151501 | ||
| 041 | 0 | _aeng | |
| 100 | 1 | _aLord, W. | |
| 245 | 0 | 2 |
_aA modern contract _bdevelopments in the UK and China |
| 260 | _c2010 | ||
| 490 |
_aProceedings of the Institution of Civil Engineers _bManagement, Procurement and Law _v163(MP4) November 2010, 151-159(9) |
||
| 520 | _aDiscusses modern contracts; compares and contrasts developments in contracting practices in the Chinese construction industry and the UK construction industry. | ||
| 590 | _aKA | ||
| 651 | 4 |
_aUnited Kingdom _y |
|
| 651 | 4 | _aChina | |
| 690 | _aBUILT ENVIRONMENT-BUILDING CONTRACT FORMS | ||
| 700 | 1 | _aLiu, A. | |
| 700 | 1 | _aTuuli, M. M. | |
| 700 | 1 | _aZhang, S. | |
| 942 | _n0 | ||
| 999 |
_c82808 _d82808 |
||